000 00282nam a22001217a 4500
008 180421b xxu||||| |||| 00| 0 eng d
041 _aeng
080 _a043.3
100 _a0
101 _aARK-BA
245 _aAnaliza e Materialeve te Perdorura- VILE
_cGashi, B
942 _2udc
_cBK
999 _c45410
_d45410